Southville International School and Colleges
Your cart is empty.
  • Cart
  • Lists
    Public lists Eva Luna New books Lux_list list_1
    Your lists Log in to create your own lists
  • Log in to your account
  • Your cookies
  • Search history
Southville International School and Colleges
  • Advanced search
  • Recent comments
  • Most popular
  • Libraries

Log in to your account

Log in with GOOGLE


If you do not have an external account, but do have a local account, you can still log in:

  1. Home
  2. MARC view: Total global strategy /
Normal view MARC view ISBD view

Total global strategy / (Record no. 39768)

[ view plain ]
MARC details
000 -LEADER
fixed length control field 00926nam a2200253 a 4500
005 - DATE AND TIME OF LATEST TRANSACTION
control field 20140311163043.0
008 - FIXED-LENGTH DATA ELEMENTS--GENERAL INFORMATION
fixed length control field 120830s19uu xx 00 eng d
020 ## - INTERNATIONAL STANDARD BOOK NUMBER
International Standard Book Number 9780132374729
050 ## - LIBRARY OF CONGRESS CALL NUMBER
Classification number HD 62.4
Item number .Y565 2012
100 ## - MAIN ENTRY--PERSONAL NAME
Personal name Yip, George S.
245 ## - TITLE STATEMENT
Title Total global strategy /
Statement of responsibility, etc George S. Yip, G. Tomas M. Hult.
250 ## - EDITION STATEMENT
Edition statement 3rd ed. International ed.
260 ## - PUBLICATION, DISTRIBUTION, ETC. (IMPRINT)
Place of publication, distribution, etc Boston, United States :
Name of publisher, distributor, etc Pearson,
Date of publication, distribution, etc 2012.
300 ## - PHYSICAL DESCRIPTION
Extent xxiii, 295 p. :
Other physical details ill. ;
Dimensions 24 cm.
500 ## - GENERAL NOTE
General note Earlier ed. published as: Total global strategy II : updated for the internet and service era / George S. Yip. c2003. Includes bibliographical references and index
521 ## - TARGET AUDIENCE NOTE
Target audience note
650 ## - SUBJECT ADDED ENTRY--TOPICAL TERM
Topical term or geographic name as entry element International business enterprises
General subdivision Management
650 ## - SUBJECT ADDED ENTRY--TOPICAL TERM
Topical term or geographic name as entry element Strategic planning
650 ## - SUBJECT ADDED ENTRY--TOPICAL TERM
Topical term or geographic name as entry element International trade
650 ## - SUBJECT ADDED ENTRY--TOPICAL TERM
Topical term or geographic name as entry element International economic relations
700 ## - ADDED ENTRY--PERSONAL NAME
Personal name Hult, G. Tomas M.
942 ## - ADDED ENTRY ELEMENTS (KOHA)
Koha item type Books
Source of classification or shelving scheme Library of Congress Classification
Call number prefix Foreign
Holdings
Withdrawn status Lost status Source of classification or shelving scheme Damaged status Home library Current library Shelving location Date acquired Source of acquisition Cost, normal purchase price Total Checkouts Full call number Barcode Date last seen Copy number Price effective from Koha item type
    Library of Congress Classification   College Library College Library Reserve Section 08/30/2012   2944.00   HD 62.4 .Y565 2012 C15289 10/30/2014 1 10/18/2013 Books

Total global strategy /

APA

Yip G. S., Hult G. T. M., . (2012). Total global strategy. Boston, United States: Pearson.

Chicago

Yip George S, Hult G Tomas M, . 2012. Total global strategy. Boston, United States: Pearson.

Harvard

Yip G. S., Hult G. T. M., . (2012). Total global strategy. Boston, United States: Pearson.

MLA

Yip George S, Hult G Tomas M, . Total global strategy. Boston, United States: Pearson. 2012.

  • Place hold
  • Print
  • Cite
  • Add to your cart (remove)
  • Save record
    BIBTEX Dublin Core MARCXML MARC (non-Unicode/MARC-8) MARC (Unicode/UTF-8) MARC (Unicode/UTF-8, Standard) MODS (XML) RIS
  • More searches
    Search for this title in:
    Other Libraries (WorldCat) Other Databases (Google Scholar) Online Stores (Bookfinder.com) Open Library (openlibrary.org)

Exporting to Dublin Core...

SOUTHVILLE LIBRARY

Southville International School and Colleges Library

1281 Tropical Ave. Cor. Luxembourg St., BF Homes International, Las Pinas City

Tel. No. 8256374 / 252358 Loc. 117/146

Powered by Koha